| 000 | 00442nam a2200181Ia 4500 | ||
|---|---|---|---|
| 005 | 20250423100537.0 | ||
| 008 | 250422s9999 xx 000 0 und d | ||
| 020 | _a9781496365668 | ||
| 050 | _aRC 55 .S23/ | ||
| 100 | _aSabatine, Marc S. | ||
| 245 | 0 | _aPocket medicine | |
| 250 | _a6th ed. | ||
| 260 | _aNew York | ||
| 260 | _bWolters Kluwer | ||
| 260 | _c2017 | ||
| 650 | _aInternal medicine--Handbooks, manuals, etc. | ||
| 942 | _cBK | ||
| 999 |
_c33629 _d33629 |
||